The basis and applications of heterogeneous catalysis /
Guardado en:
| Autor Principal: | |
|---|---|
| Formato: | Libro |
| Idioma: | English |
| Publicado: |
New York :
Oxford University Press,
1998.
|
| Series: | Oxford chemistry primers ;
53 |
| Materias: | |
| Acceso en línea: | Descripción Tabla de contenido |
| Etiquetas: |
Agregar Etiqueta
Sin Etiquetas, Sea el primero en etiquetar este registro!
|
| LEADER | 00994pam a22002415a 4500 | ||
|---|---|---|---|
| 001 | EIQ.libpla000695 | ||
| 008 | 971006s1998####nyuao####b####001#0#eng#d | ||
| 005 | 20071218174924.0 | ||
| 245 | 1 | 4 | |a The basis and applications of heterogeneous catalysis / |c Michael Bowker. |
| 260 | |a New York : |b Oxford University Press, |c 1998. | ||
| 300 | |a 90 p. : |b il., fotos ; |c 25 cm. | ||
| 440 | 0 | |a Oxford chemistry primers ; |v 53 | |
| 504 | |a Incluye referencias bibliográficas (p. [91]) e índice. | ||
| 020 | |a 0198559585 (pbk.) | ||
| 100 | 1 | |a Bowker, Michael. | |
| 082 | 0 | 0 | |a 541.3/95 |2 21 |
| 650 | 4 | |a Heterogeneous catalysis |x Theory and applications. | |
| 650 | 4 | |a Catálisis heterogénea |x Teoría y aplicaciones. | |
| 010 | |a 97042914 | ||
| 040 | |a DLC |c DLC |d AR-BbSID | ||
| 856 | 4 | 2 | |3 Descripción |u http://www.loc.gov/catdir/enhancements/fy0605/97042914-d.html |
| 856 | 4 | 1 | |3 Tabla de contenido |u http://www.loc.gov/catdir/enhancements/fy0605/97042914-t.html |
| 859 | |a AR-BbSID |b BIB. PLAPIQUI |h 541.395 |i B 67 |p 5694 | ||
